| 000 | 01097nam a22003017a 4500 | ||
|---|---|---|---|
| 003 | OSt | ||
| 005 | 20260421095105.0 | ||
| 008 | 211118b ||||| |||| 00| 0 eng d | ||
| 020 | _a9781108567916 | ||
| 040 | _cKCST | ||
| 082 |
_a428.34 _bWi Un |
||
| 100 |
_aWilliams, Jessica _d1957- _95616 |
||
| 245 |
_aUnlock : Listening, speaking & critical thinking : [Level 5], Student's book / _cJessica Williams; Sabina Ostrowska; Chris Sowton; Jennifer Farmer; Christina Cavage; Laurie Frazier |
||
| 250 | _a2 | ||
| 260 |
_aCambridge : _bCambridge University Press, _c 2019. |
||
| 300 | _a271 p. | ||
| 521 | _aC1 English Profile. | ||
| 650 |
_aEnglish language _vTextbooks for foreign speakers. _94734 |
||
| 650 |
_aEnglish language _vSpoken English _xTextbooks for foreign speakers. _95138 |
||
| 650 |
_aEnglish language _vSound recordings for foreign speakers. _95139 |
||
| 700 |
_aOstrowska, Sabina _95426 |
||
| 700 |
_aSowton, Chris _95143 |
||
| 700 |
_aFarmer, Jennifer _95617 |
||
| 700 |
_aCavage, Christina _95618 |
||
| 700 |
_aFrazier, Laurie _95619 |
||
| 942 |
_cCTBK _2ddc |
||
| 942 | _2ddc | ||
| 999 |
_c785 _d785 |
||